Statistiques concernant League of Legends (LoL) - Finalistes des Worlds

Cliquez ici pour prendre le quiz!

Statistiques générales

  • Ce quiz a été pris 744 fois
    (323 depuis la dernière actualisation)
  • Le résultat moyen est 36 sur 81

Statistiques - réponses

ÉditionJoueur / Équipe% Correct
2017 World ChampionshipSK Telecom T1
95%
2022 World ChampionshipT1
95%
2017 World ChampionshipFaker
92%
2022 World ChampionshipFaker
92%
2018 World ChampionshipFnatic
85%
2019 World ChampionshipG2 Esports
83%
2022 World ChampionshipKeria
81%
2022 World ChampionshipZeus
81%
2022 World ChampionshipGumayusi
79%
2022 World ChampionshipOner
79%
2018 World ChampionshipCaps
78%
2019 World ChampionshipCaps
78%
2021 World ChampionshipDWG KIA
74%
2023 World ChampionshipWeibo Gaming
73%
2016 World ChampionshipSamsung Galaxy
70%
2018 World ChampionshipRekkles
68%
2023 World ChampionshipTheShy
67%
2019 World ChampionshipPerkz
66%
2019 World ChampionshipJankos
65%
2021 World ChampionshipShowMaker
64%
2019 World ChampionshipWunder
64%
2017 World ChampionshipBang
63%
2019 World ChampionshipMikyx
63%
2016 World ChampionshipRuler
63%
2021 World ChampionshipCanyon
62%
2017 World ChampionshipPeanut
61%
2017 World ChampionshipWolf
61%
2015 World ChampionshipKOO Tigers
59%
Season 1 World Championship (2011)sOAZ
58%
2018 World ChampionshipsOAZ
58%
2021 World ChampionshipBeryL
57%
2018 World ChampionshipBwipo
56%
2018 World ChampionshipHylissang
56%
2017 World ChampionshipHuni
52%
2018 World ChampionshipBroxah
51%
Season 1 World Championship (2011)against All authority
48%
2023 World ChampionshipXiaohu
48%
2015 World ChampionshipSmeb
47%
2021 World ChampionshipGhost
45%
2016 World ChampionshipAmbition
43%
2020 World ChampionshipBin
43%
Season 2 World Championship (2012)Shy
43%
2020 World ChampionshipSuning
42%
2023 World ChampionshipCrisp
41%
2015 World ChampionshipGorillA
41%
2021 World ChampionshipKhan
41%
2016 World ChampionshipCoreJJ
40%
2016 World ChampionshipCrown
40%
2023 World ChampionshipWeiwei
40%
Season 1 World Championship (2011)YellOwStaR
37%
2023 World ChampionshipLight
36%
2017 World ChampionshipBlank
35%
2015 World ChampionshipPraY
35%
2016 World ChampionshipCuVee
34%
Season 3 World Championship (2013)Royal Club
33%
2014 World ChampionshipStar Horn Royal Club
33%
2014 World ChampionshipUzi
32%
Season 3 World Championship (2013)Uzi
32%
2015 World ChampionshipKuro
31%
2015 World ChampionshipHojin
27%
Season 2 World Championship (2012)Azubu Frost
26%
2020 World ChampionshipSofM
21%
2020 World ChampionshipSwordArt
21%
2020 World ChampionshipAngel
18%
Season 3 World Championship (2013)Wh1t3zZ
17%
2020 World Championshiphuanfeng
15%
2014 World ChampionshipinSec
12%
Season 2 World Championship (2012)MadLife
10%
2014 World Championshipcorn
6%
Season 3 World Championship (2013)Tabe
6%
Season 2 World Championship (2012)CloudTemplar
5%
Season 1 World Championship (2011)Kujaa
5%
Season 3 World Championship (2013)Lucky
5%
Season 1 World Championship (2011)MoMa
5%
Season 2 World Championship (2012)RapidStar
5%
2016 World ChampionshipWraith
5%
2014 World ChampionshipCola
4%
Season 3 World Championship (2013)GodLike
4%
Season 1 World Championship (2011)Linak
4%
Season 2 World Championship (2012)Woong
4%
2014 World ChampionshipZero
4%

Distribution des résultats

Percentile par nombre de réponses

% des personnes avec chaque résultat

Votre développement - résultats

Vous n’avez pas pris ce quiz depuis la dernière actualisation